A therapeutic tool for perpetrators of domestic violence: The cycle of domestic violence (notice n° 1731844)
[ vue normale ]
| 000 -LEADER | |
|---|---|
| fixed length control field | 00939cam a2200169 4500500 |
| 005 - DATE AND TIME OF LATEST TRANSACTION | |
| control field | 20260322003420.0 |
| 041 ## - LANGUAGE CODE | |
| Language code of text/sound track or separate title | fre |
| 042 ## - AUTHENTICATION CODE | |
| Authentication code | dc |
| 100 10 - MAIN ENTRY--PERSONAL NAME | |
| Personal name | Bonhommet, Julie |
| Relator term | author |
| 245 00 - TITLE STATEMENT | |
| Title | A therapeutic tool for perpetrators of domestic violence: The cycle of domestic violence |
| 260 ## - PUBLICATION, DISTRIBUTION, ETC. | |
| Date of publication, distribution, etc. | 2025.<br/> |
| 500 ## - GENERAL NOTE | |
| General note | 14 |
| 520 ## - SUMMARY, ETC. | |
| Summary, etc. | The cycle of domestic violence (Walker’s model) is a key tool in our clinical practice with perpetrators of domestic violence. We describe how we use it as a therapeutic support in group sessions, in a simple format, using video support and role-playing. It facilitates the identification of violent issues in the subject and helps to make the perpetrators of violence more accountable. |
| 700 10 - ADDED ENTRY--PERSONAL NAME | |
| Personal name | Doineau, Emmanuelle |
| Relator term | author |
| 786 0# - DATA SOURCE ENTRY | |
| Note | Empan | 140 | 4 | 2025-11-25 | p. 124-133 | 1152-3336 |
| 856 41 - ELECTRONIC LOCATION AND ACCESS | |
| Uniform Resource Identifier | <a href="https://shs.cairn.info/journal-empan-2025-4-page-124?lang=en&redirect-ssocas=7080">https://shs.cairn.info/journal-empan-2025-4-page-124?lang=en&redirect-ssocas=7080</a> |
Pas d'exemplaire disponible.




Réseaux sociaux